000 01588nam0a2200349 4500
001 RU\NLR\bibl\1717929
005 20260405102220.0
010 _a978-5-370-02159-6
_92000
021 _aRU
_b2010-92680
_96237
035 _a(NLR Aleph) 001708941
090 _a1267817
_c1267817
100 _a20101222d2011 |||y0rusy50 ca
101 0 _arus
102 _aRU
105 _ay |||||||||
200 1 _a10000 типовых проводок: план и корреспонденция счетов
_eпрактическое руководство
_fЕ.С. Сидорова
205 _a6-е изд., испр. и доп.
210 _aМосква
_cОмега-Л
_d2011 [т.е. 2010]
215 _a546 с.
_d20
225 1 _aВ помощь бухгалтеру и руководителю
300 _aКн. фактически изд. в 2010 г.
606 1 _aБухгалтерские проводки
_jПрактические пособия
_xСоставление
_yРоссийская Федерация
_92369199
_3RU\NLR\auth\661414232
606 1 _aБухгалтерский учет
_jПрактические пособия
_xПлан счетов
_yРоссийская Федерация
_92137531
_3RU\NLR\auth\661288736
686 _aУ052.9(2)2-11я7
686 _aУ052.9(2)2-111.3я7
700 1 _4070
_7ca
_8rus
_aСидорова
_bЕ. С.
_cэколог
_gЕкатерина Сергеевна
_920969
_3RU\NLR\auth\7737982
801 0 _aRU
_bNLR
_c20101222
_gRCR
801 1 _aRU
_bNLR
_c20101222
942 _cBOOK
980 _aNB
980 _aNBR